| Tag |
First Indicator |
Second Indicator |
Subfields |
| LEADER |
00000cam a2200000 4500 |
| 001 |
in00000058689 |
| 005 |
20151008050449.0 |
| 008 |
721114s1964 ctua b 00010 eng |
| 010 |
|
|
|a 64020915
|
| 035 |
|
|
|a (OCoLC)00494011
|
| 035 |
|
|
|9 AAG1186AM
|
| 040 |
|
|
|a DLC
|c WSU
|d OCL
|d TXA
|d UtOrBLW
|
| 049 |
|
|
|a TXAM
|c [406266]
|
| 050 |
0 |
0 |
|a JC311
|b .D65
|
| 082 |
0 |
|
|a 320.158
|
| 092 |
|
|
|a 320.158
|b D691p
|
| 100 |
1 |
|
|a Doob, Leonard W.
|q (Leonard William),
|d 1909-2000.
|
| 245 |
1 |
0 |
|a Patriotism and nationalism :
|b their psychological foundations /
|c by Leonard W. Doob.
|
| 264 |
|
1 |
|a New Haven :
|b Yale University Press,
|c 1964.
|
| 300 |
|
|
|a xiii, 297 pages :
|b illustrations ;
|c 24 cm.
|
| 336 |
|
|
|a text
|b txt
|2 rdacontent
|
| 337 |
|
|
|a unmediated
|b n
|2 rdamedia
|
| 338 |
|
|
|a volume
|b nc
|2 rdacarrier
|
| 504 |
|
|
|a Bibliography: pages 279-288.
|
| 650 |
|
0 |
|a Nationalism
|v Case studies.
|
| 650 |
|
0 |
|a Patriotism
|x Case studies.
|
| 650 |
|
0 |
|a Germans
|z Italy
|z Bolzano (Province)
|
| 651 |
|
0 |
|a Bolzano (Italy : Province)
|x Civilization.
|
| 999 |
|
|
|a MARS
|
| 999 |
f |
f |
|s 0df34258-af2f-3f53-b6d7-b544a83641bd
|i 7c6d1f09-f4eb-34c1-aaf1-5c794877e6e4
|t 0
|
| 952 |
f |
f |
|p ric
|a Texas A&M University
|b Rellis Campus
|c Joint Library Facility
|d Remote Storage
|t 0
|e JC311 .D65
|h Library of Congress classification
|i unmediated -- volume
|m A14800658525
|
| 998 |
f |
f |
|a JC311 .D65
|t 0
|l Remote Storage
|